000 01226nam a2200373 c 4500
001 18146
003 ES-MaCES
005 20150925133521.0
008 051102s2005 fr d i000 | eng d
020 _a9264009248
035 _aCES20050012474m
040 _aES-MaCES
_bspa
_cES-MaCES
041 0 _aeng
_hfre
245 0 0 _aOECD SME and entrepreneurship outlook, 2005
260 _aParis
_bOECD
_c[2005]
300 _a415 p.
_bgráf. col.
_c27 cm
500 _aPubl. simultáneamente en francés bajo el tít.: Perspectives de l'OCDE sur les PME et l'entrepreneuriat, 2005
504 _aBibliografía
541 _cCompra
650 4 _apequeña empresa
_930173
650 4 _aempresario
_928188
650 4 _acapacidad empresarial
_930588
650 4 _apaís de la OCDE
_929055
650 4 _a2005
_931686
650 4 _ainforme
_928986
650 4 _acuadros estadísticos
_928890
653 1 0 _aEmpresa
650 4 _930601
_aestrategia empresarial
710 2 _aOrganización de Cooperación y Desarrollo Económico
_eed.
_94694
740 0 2 _aPerspectives de l'OCDE sur les PME et l'entrepreneuriat, 2005
902 _aLIB Libro
942 _2CES
_cBK
_h0.0.
999 _c18146
_d18146